000 00237nam a2200097Ia 4500
008 190216s9999||||xx |||||||||||||| ||und||
100 _aDr.Kurup Ng
245 0 _aCrestasian Antha Sraviyam
260 _bKerala Bhasha Institute
942 _cBK
999 _c37606
_d37606